ပြည်ထောင်စု ဆိုရှယ်လစ်သမ္မတမြန်မာနိုင်ငံတော် ဖွဲ့စည်းပုံအခြေခံဥပဒေ / (Record no. 27284)
[ view plain ]
| 000 -LEADER | |
|---|---|
| fixed length control field | 00744nam a22001457a 4500 |
| 005 - DATE AND TIME OF LATEST TRANSACTION | |
| control field | 20260127145957.0 |
| 008 - FIXED-LENGTH DATA ELEMENTS--GENERAL INFORMATION | |
| fixed length control field | 230718b ||||| |||| 00| 0 eng d |
| 040 ## - CATALOGING SOURCE | |
| Transcribing agency | SSBUL |
| Modifying agency | SSBUL |
| 082 ## - DEWEY DECIMAL CLASSIFICATION NUMBER | |
| Edition number | 23 |
| Classification number | ၃၄၂.၅၉၁ ပြည် ၁၆၀၇၅ (S-SAT) |
| 245 ## - TITLE STATEMENT | |
| Title | ပြည်ထောင်စု ဆိုရှယ်လစ်သမ္မတမြန်မာနိုင်ငံတော် ဖွဲ့စည်းပုံအခြေခံဥပဒေ / |
| 300 ## - PHYSICAL DESCRIPTION | |
| Extent | ၁၅၈ စာမျက်နှာ၊ |
| Dimensions | ၂၁ စင်တီ။ |
| 500 ## - GENERAL NOTE | |
| General note | S-SAT: Dr. Prof Sai Aung Tun |
| 650 ## - SUBJECT ADDED ENTRY--TOPICAL TERM | |
| Topical term or geographic name entry element | ဖွဲ့စည်းပုံအခြေခံ ဥပဒေ |
| Geographic subdivision | မြန်မာနိုင်ငံ။ |
| 9 (RLIN) | 28093 |
| 942 ## - ADDED ENTRY ELEMENTS (KOHA) | |
| Source of classification or shelving scheme | |
| Koha item type | Book (Short term) |
| Withdrawn status | Lost status | Source of classification or shelving scheme | Damaged status | Not for loan | Collection code | Permanent Location | Current Location | Shelving location | Date acquired | Total Checkouts | Full call number | Barcode | Date last seen | Price effective from | Koha item type | Accession |
|---|---|---|---|---|---|---|---|---|---|---|---|---|---|---|---|---|
| Special Collections | Shan State Buddhist University Library | Shan State Buddhist University Library | Special Collection Shelves | 18/07/2023 | ၃၄၂.၅၉၁ ပြည် ၁၆၀၇၅ (S-SAT) | MB00016075 | 18/07/2023 | 18/07/2023 | Book (Short term) | ၁၆၀၇၅ (S-SAT) |